<?xml version="1.0" encoding="UTF-8"?>
<record
    xmlns:xsi="http://www.w3.org/2001/XMLSchema-instance"
    xsi:schemaLocation="http://www.loc.gov/MARC21/slim http://www.loc.gov/standards/marcxml/schema/MARC21slim.xsd"
    xmlns="http://www.loc.gov/MARC21/slim">

  <leader>02452nam a22003017a 4500</leader>
  <controlfield tag="008">251028b        |||||||| |||| 00| 0 eng d</controlfield>
  <datafield tag="020" ind1=" " ind2=" ">
    <subfield code="a">9782330178963</subfield>
  </datafield>
  <datafield tag="040" ind1=" " ind2=" ">
    <subfield code="c">tbs</subfield>
  </datafield>
  <datafield tag="041" ind1=" " ind2=" ">
    <subfield code="a">fre</subfield>
    <subfield code="h">eng</subfield>
  </datafield>
  <datafield tag="050" ind1=" " ind2=" ">
    <subfield code="a">PS3566.I372</subfield>
  </datafield>
  <datafield tag="100" ind1=" " ind2=" ">
    <subfield code="a">Picoult, Jodi</subfield>
    <subfield code="d">1966-</subfield>
    <subfield code="9">24079</subfield>
    <subfield code="e">author</subfield>
  </datafield>
  <datafield tag="240" ind1=" " ind2=" ">
    <subfield code="a">Wish you were here.</subfield>
    <subfield code="l">French</subfield>
  </datafield>
  <datafield tag="245" ind1=" " ind2=" ">
    <subfield code="a">J'amerais tant que tu sois l&#xE0;</subfield>
    <subfield code="c">/ Jodi Picoult ; Marie Chabin.</subfield>
  </datafield>
  <datafield tag="260" ind1=" " ind2=" ">
    <subfield code="a">Arles :</subfield>
    <subfield code="b">Actus Sud,</subfield>
    <subfield code="c">2023</subfield>
  </datafield>
  <datafield tag="300" ind1=" " ind2=" ">
    <subfield code="a">390 pages ;</subfield>
    <subfield code="c">24 cm.</subfield>
  </datafield>
  <datafield tag="520" ind1=" " ind2=" ">
    <subfield code="a">La vie de Diana est sur des rails : elle a le petit ami id&#xE9;al et le job de ses r&#xEA;ves chez Sotheby's. &#xC0; bient&#xF4;t trente ans, il ne lui manque plus que la bague au doigt, et elle est presque s&#xFB;re que Finn va faire sa demande pendant leur escapade aux Gal&#xE1;pagos. Mais, r&#xE9;quisitionn&#xE9; &#xE0; l'h&#xF4;pital en ce d&#xE9;but 2020, il doit rester &#xE0; New York et insiste pour qu'elle profite de ce paradis sans lui.
C'est donc &#xE0; contrecoeur qu'elle part - et rien ne se passe comme pr&#xE9;vu : bagage perdu, h&#xF4;tel ferm&#xE9;, wifi inexistant, elle se retrouve coup&#xE9;e du monde et doit sortir de sa zone de confort.
De rencontres en introspection, Diana pourrait bien r&#xE9;aliser que sa vie et son bonheur ne sont pas l&#xE0; o&#xF9; elle le croyait...</subfield>
  </datafield>
  <datafield tag="520" ind1=" " ind2=" ">
    <subfield code="a">Diana&#x2019;s life is right on track: she has the perfect boyfriend and her dream job at Sotheby&#x2019;s. With thirty fast approaching, the only thing missing is a ring on her finger&#x2014;and she&#x2019;s almost certain Finn will propose during their getaway to the Gal&#xE1;pagos. But when he&#x2019;s called back to the hospital at the start of 2020, he has to stay in New York and urges her to enjoy the paradise without him.

So she reluctantly goes&#x2014;and nothing goes according to plan: her luggage is lost, the hotel is closed, the Wi-Fi nonexistent. Cut off from the world, she has no choice but to step outside her comfort zone.

Through chance encounters and deep self-reflection, Diana may come to realize that her life&#x2014;and her happiness&#x2014;aren&#x2019;t where she thought they were&#x2026;</subfield>
  </datafield>
  <datafield tag="650" ind1=" " ind2="0">
    <subfield code="a">Art auctions</subfield>
    <subfield code="v">Fiction</subfield>
    <subfield code="9">26338</subfield>
  </datafield>
  <datafield tag="650" ind1=" " ind2="0">
    <subfield code="a">Life change events</subfield>
    <subfield code="v">Fiction</subfield>
    <subfield code="9">24020</subfield>
  </datafield>
  <datafield tag="650" ind1=" " ind2="0">
    <subfield code="a">Women</subfield>
    <subfield code="v">Fiction</subfield>
    <subfield code="9">11136</subfield>
  </datafield>
  <datafield tag="650" ind1=" " ind2="0">
    <subfield code="a">COVID-19 Pandemic, 2020-2023</subfield>
    <subfield code="v">Fiction</subfield>
    <subfield code="9">26339</subfield>
  </datafield>
  <datafield tag="650" ind1=" " ind2="0">
    <subfield code="a">Man-woman relationships </subfield>
    <subfield code="v">Fiction</subfield>
    <subfield code="9">11134</subfield>
  </datafield>
  <datafield tag="650" ind1=" " ind2="0">
    <subfield code="a">Vacations</subfield>
    <subfield code="v">Fiction</subfield>
    <subfield code="9">25446</subfield>
  </datafield>
  <datafield tag="651" ind1=" " ind2="0">
    <subfield code="a">Galapagos Islands</subfield>
    <subfield code="v">Fiction</subfield>
    <subfield code="9">26340</subfield>
  </datafield>
  <datafield tag="651" ind1=" " ind2="0">
    <subfield code="a">New York (N.Y.)</subfield>
    <subfield code="v">Fiction</subfield>
    <subfield code="9">24052</subfield>
  </datafield>
  <datafield tag="700" ind1=" " ind2=" ">
    <subfield code="a">Chabin, Marie</subfield>
    <subfield code="9">26341</subfield>
    <subfield code="e">translator</subfield>
  </datafield>
  <datafield tag="942" ind1=" " ind2=" ">
    <subfield code="2">lcc</subfield>
  </datafield>
  <datafield tag="952" ind1=" " ind2=" ">
    <subfield code="0">0</subfield>
    <subfield code="1">0</subfield>
    <subfield code="2">lcc</subfield>
    <subfield code="4">0</subfield>
    <subfield code="7">0</subfield>
    <subfield code="a">TBS</subfield>
    <subfield code="b">TBS</subfield>
    <subfield code="d">2025-10-28</subfield>
    <subfield code="l">0</subfield>
    <subfield code="o">P-FR PIC</subfield>
    <subfield code="p">B06046</subfield>
    <subfield code="r">2025-10-28</subfield>
    <subfield code="t">1</subfield>
    <subfield code="w">2025-10-28</subfield>
    <subfield code="y">1</subfield>
  </datafield>
  <datafield tag="999" ind1=" " ind2=" ">
    <subfield code="c">5112</subfield>
    <subfield code="d">5112</subfield>
  </datafield>
</record>
